00386nam a2200169Ia 4500003000400000005001700004008004100021020001800062040000700080041000800087082001500095100001600110245002800126260003700154300001200191365001300203OSt20230417111914.0210423s2010 xx 000 0 und d a9781907486630 cAL aeng a709.2 COXN aCOX (Neil). aPicasso off the record. aLondonbWatkins Publishingc2010 a127bPB b175cINR